000 00660cam a2200193 i 4500
005 20251123123526.0
008 250721s2010 jo gr 000 0 ara d
082 1 4 _a211.4
_bس م ا
100 1 _aسمارة، فوزي
_eمؤلف.
245 1 0 _aيسألونك :
_bمما أفاض به الرحمن على عباده /
_cفوزي سمارة.
250 _aالطبعة الأولى.
264 3 1 _aعمان :
_bالطريق للنشر والتوزيع،
_c2010.
300 _a211 صفحة.
650 1 7 _aالقرآن الكريم.
650 1 7 _aالعلوم القرآنية.
653 _aالنزول
942 _2ddc
_cBK
999 _c120224
_d120224